[Event "XIX C.to Italiano UISP Magistrale"]
[Site "Ostia - Roma ITA"]
[Date "1998.12.??"]
[Round "?"]
[White "Lagumina, Giulio"]
[Black "Tassi, Oliviero"]
[Result "1-0"]
[WhiteElo "2305"]
[BlackElo "2305"]
[PlyCount "99"]
[EventDate "1998.12.04"]

1. d4 Nf6 2. c4 c5 3. d5 b5 4. cxb5 a6 5. bxa6 Bxa6 6. Nc3 d6 7. e4 Bxf1 8.
Kxf1 Nbd7 9. g3 g6 10. Kg2 Bg7 11. Nge2 O-O 12. Qc2 Qb6 13. a4 Rfb8 14. Nb5 Qb7
15. Nec3 c4 16. Qe2 Ne5 17. Be3 Nfd7 18. Bd4 g5 19. Rhb1 Rc8 20. b3 cxb3 21.
Rxb3 Nc5 22. Rbb1 Qd7 23. h3 Ra5 24. Qd2 g4 25. hxg4 Qxg4 26. Qf4 Ncd3 27. Qxg4
Nxg4 28. Bxg7 Kxg7 29. Ra2 Rc4 30. Kf3 h5 31. Rd1 Nb4 32. Rb2 Na6 33. Rd4 Rc8
34. Ke2 Ne5 35. f4 Nc4 36. Rb3 Kf6 37. Na7 Rc7 38. Nc6 Rc5 39. Rb5 Na3 40. Rxc5
dxc5 41. Rd1 Nb4 42. Nb5 Nxb5 43. axb5 Rb7 44. e5+ Kg7 45. d6 exd6 46. exd6 Rd7
47. Ne5 Rd8 48. d7 Na2 49. Nc6 Nc3+ 50. Ke1 1-0

[Event "XIX C.to Italiano UISP Magistrale"]
[Site "Ostia - Roma ITA"]
[Date "1998.12.07"]
[Round "5"]
[White "Campanile, Roberto"]
[Black "Martorelli, Antonio"]
[Result "1-0"]
[WhiteElo "2065"]
[BlackElo "2380"]
[PlyCount "113"]
[EventDate "1998.12.04"]

1. d4 Nf6 2. Nf3 d6 3. c4 g6 4. Nc3 Bg7 5. Bg5 O-O 6. e3 c5 7. d5 a6 8. a4 e6
9. Be2 exd5 10. cxd5 h6 11. Bh4 Qe7 12. O-O g5 13. Bg3 Nh5 14. Nd2 Nxg3 15.
hxg3 Nd7 16. Nc4 b6 17. Ra3 f5 18. Qc2 Rb8 19. Rb3 Rf7 20. Bd3 Qf6 21. g4 Ne5
22. Rxb6 Rfb7 23. Rxb7 Bxb7 24. Nxe5 Qxe5 25. gxf5 g4 26. Qe2 h5 27. f4 Qe7 28.
g3 Bc8 29. e4 Bd4+ 30. Kg2 Rb4 31. Rh1 Qb7 32. Nd1 Qf7 33. Qc2 Bf6 34. b3 Bd7
35. Bc4 h4 36. gxh4 Qh5 37. Kg3 Rb8 38. Qe2 Kf7 39. Ne3 Rg8 40. Ng2 Bd4 41.
Bxa6 Re8 42. Qd3 Rb8 43. Bc4 Bg7 44. a5 Qh8 45. a6 Qd8 46. h5 Qa5 47. h6 Bd4
48. Qc2 Bb5 49. Bxb5 Qxb5 50. h7 Qxa6 51. Kxg4 Kg7 52. Nh4 Kxh7 53. Ng6+ Kg7
54. Qh2 Kf7 55. e5 Rg8 56. Qh7+ Rg7 57. e6+ 1-0

[Event "XIX C.to Italiano UISP Magistrale"]
[Site "Ostia - Roma ITA"]
[Date "1998.12.??"]
[Round "7"]
[White "Cesarini, Lanfranco"]
[Black "Pastres, Roberto"]
[Result "0-1"]
[WhiteElo "1903"]
[BlackElo "2190"]
[PlyCount "66"]
[EventDate "1998.12.04"]

1. e4 g6 2. d4 Bg7 3. Nc3 d6 4. Bc4 Nc6 5. Nge2 Nf6 6. O-O O-O 7. Be3 a6 8. a3
b5 9. Bb3 Bb7 10. f3 e6 11. Kh1 Na5 12. Ba2 d5 13. Bg5 h6 14. Bd2 Nc4 15. Bxc4
bxc4 16. e5 Nd7 17. Qc1 Kh7 18. Nd1 c5 19. c3 f6 20. Nf4 Qe7 21. Qc2 Qf7 22.
exf6 Bxf6 23. Nf2 cxd4 24. Ng4 d3 25. Nxf6+ Qxf6 26. Qa4 Rf7 27. Rae1 e5 28.
Nh3 Nc5 29. Qd1 Raf8 30. Nf2 Bc8 31. Bc1 g5 32. Ng4 Bxg4 33. fxg4 Qxf1+ 0-1

[Event "XIX C.to Italiano UISP Magistrale"]
[Site "Ostia - Roma ITA"]
[Date "1998.12.??"]
[Round "7"]
[White "Danieli, Enrico"]
[Black "Luciani, Valerio"]
[Result "1/2-1/2"]
[WhiteElo "2070"]
[BlackElo "2230"]
[PlyCount "47"]
[EventDate "1998.12.04"]

1. Nf3 d6 2. e4 Nf6 3. Nc3 c6 4. d4 Bg4 5. a4 e6 6. Be2 Be7 7. O-O d5 8. exd5
cxd5 9. Bf4 Nc6 10. Ne5 Bxe2 11. Nxe2 O-O 12. Ng3 Qb6 13. Bg5 Rfe8 14. Rb1 Nxe5
15. dxe5 Nd7 16. Bxe7 Rxe7 17. Re1 f6 18. exf6 Nxf6 19. Nf5 Ree8 20. Nd4 Rad8
21. Nf3 Ne4 22. Qd4 Qxd4 23. Nxd4 Kf7 24. Re3 1/2-1/2

[Event "XIX C.to Italiano UISP Magistrale"]
[Site "Ostia - Roma ITA"]
[Date "1998.12.??"]
[Round "7"]
[White "Gardon, Ermanno"]
[Black "Pastorini, Mario"]
[Result "1-0"]
[WhiteElo "2110"]
[BlackElo "2160"]
[PlyCount "57"]
[EventDate "1998.12.04"]

1. e4 c5 2. Nf3 e6 3. d4 cxd4 4. Nxd4 Nf6 5. Nc3 d6 6. f4 Nc6 7. Nf3 Be7 8. Bd3
O-O 9. O-O e5 10. Kh1 Bg4 11. h3 Bxf3 12. Qxf3 exf4 13. Bxf4 Nd7 14. Nd5 Nde5
15. Nxe7+ Qxe7 16. Qg3 Rad8 17. Rad1 Nxd3 18. Qxd3 Ne5 19. Qd4 b6 20. Bg3 Qc7
21. c3 f6 22. Qd5+ Nf7 23. Rd4 Rfe8 24. Rfd1 Kf8 25. Qb3 Qc6 26. Qa3 Rxe4 27.
Rxe4 Qxe4 28. Qxa7 Qe3 29. Re1 1-0

[Event "XIX C.to Italiano UISP Magistrale"]
[Site "Ostia - Roma ITA"]
[Date "1998.12.??"]
[Round "7"]
[White "Insabato, Giovanbattista"]
[Black "Campanile, Roberto"]
[Result "1/2-1/2"]
[WhiteElo "2190"]
[BlackElo "2065"]
[PlyCount "34"]
[EventDate "1998.12.04"]

1. e4 d5 2. exd5 Qxd5 3. Nc3 Qa5 4. Nf3 Nf6 5. d4 c6 6. Be2 Bf5 7. O-O e6 8.
Ne5 h6 9. Bd3 Bxd3 10. Qxd3 Nbd7 11. Re1 Rd8 12. Qe2 Bb4 13. Nc4 Qa6 14. a3 Be7
15. Be3 O-O 16. Ne5 Qxe2 17. Rxe2 Nb6 1/2-1/2

[Event "XIX C.to Italiano UISP Magistrale"]
[Site "Ostia - Roma ITA"]
[Date "1998.12.??"]
[Round "7"]
[White "Monteleone, Antonio"]
[Black "Caruso, Augusto"]
[Result "0-1"]
[WhiteElo "2140"]
[BlackElo "2285"]
[PlyCount "47"]
[EventDate "1998.12.04"]

1. d4 Nf6 2. c4 c5 3. d5 b5 4. cxb5 a6 5. Nc3 axb5 6. e4 b4 7. Nb5 d6 8. Bf4
Na6 9. Nf3 Nh5 10. Bg5 h6 11. Qa4 Bd7 12. e5 hxg5 13. e6 fxe6 14. dxe6 Bc6 15.
Nfd4 cxd4 16. Qc2 Qb6 17. Nxd4 Nc5 18. a4 Rxa4 19. Rxa4 Bxa4 20. b3 Bc6 21. Qa2
Rh6 22. Nxc6 Rxe6+ 23. Be2 Nd3+ 24. Kf1 0-1

[Event "XIX C.to Italiano UISP Magistrale"]
[Site "Ostia - Roma ITA"]
[Date "1998.12.??"]
[Round "7"]
[White "Sarno, Spartaco"]
[Black "Ferretti, Folco"]
[Result "1-0"]
[WhiteElo "2365"]
[BlackElo "2265"]
[PlyCount "65"]
[EventDate "1998.12.04"]

1. c4 Nf6 2. Nf3 e6 3. g3 d5 4. b3 Be7 5. Bg2 O-O 6. O-O c5 7. e3 Nc6 8. Bb2 b6
9. Qe2 Bb7 10. Rd1 Rc8 11. d4 cxd4 12. exd4 Qc7 13. Nbd2 Rfd8 14. Rac1 Qb8 15.
Nf1 Ba6 16. Ne3 b5 17. c5 Qb7 18. Bf1 Nd7 19. a3 Na5 20. Qc2 Nb8 21. Bc3 Nbc6
22. Rb1 Rd7 23. Bd3 g6 24. h4 e5 25. Nxe5 Nxe5 26. dxe5 Bxc5 27. Ng4 Be7 28.
Qd2 Rxc3 29. Qxc3 Qc7 30. Nf6+ Bxf6 31. Qxc7 Rxc7 32. exf6 Rc3 33. b4 1-0

[Event "XIX C.to Italiano UISP Magistrale"]
[Site "Ostia - Roma ITA"]
[Date "1998.12.??"]
[Round "7"]
[White "Tomescu, Vlad"]
[Black "Lucaroni, Massimiliano"]
[Result "1-0"]
[WhiteElo "2425"]
[BlackElo "2270"]
[PlyCount "39"]
[EventDate "1998.12.04"]

1. e4 e5 2. Nc3 Nf6 3. Bc4 Nc6 4. d3 Bc5 5. f4 d6 6. Nf3 Bg4 7. Na4 Bb6 8. c3
O-O 9. Nxb6 axb6 10. O-O Na5 11. Bb5 exf4 12. Bxf4 d5 13. e5 Nh5 14. Bd2 d4 15.
h3 Bxf3 16. Qxf3 c6 17. Ba4 dxc3 18. Bxc3 Qh4 19. Bd1 Ng3 20. Re1 1-0

[Event "XIX C.to Italiano UISP Magistrale"]
[Site "Ostia - Roma ITA"]
[Date "1998.12.??"]
[Round "7"]
[White "Turturici, Pellegrino"]
[Black "Ragonese, Lucio Rosario"]
[Result "1-0"]
[WhiteElo "1704"]
[BlackElo "2035"]
[PlyCount "65"]
[EventDate "1998.12.04"]

1. c4 e5 2. Nc3 Nf6 3. Nf3 Nc6 4. g3 Bc5 5. Bg2 d6 6. O-O Be6 7. d3 h6 8. a3
Qc8 9. Qc2 Bh3 10. e3 h5 11. Nd5 Bxg2 12. Kxg2 h4 13. b4 hxg3 14. Nxf6+ gxf6
15. fxg3 Qh3+ 16. Kg1 Bb6 17. Ra2 Ke7 18. d4 exd4 19. c5 dxc5 20. bxc5 Ba5 21.
Nxd4 Ne5 22. Nf5+ Kd7 23. Qb3 Ng4 24. Qxf7+ Kc8 25. Qe6+ Kb8 26. Nh4 Bc3 27.
Rf4 Rd8 28. Qxg4 Qxg4 29. Rxg4 Rd1+ 30. Kg2 a5 31. Rg8+ Ka7 32. Rxa8+ Kxa8 33.
Rc2 1-0

[Event "V Festival Nazionale"]
[Site "Ischia ITA"]
[Date "1998.07.??"]
[Round "?"]
[White "Bertolini, Ettore"]
[Black "Trotto, Pierangelo"]
[Result "0-1"]
[WhiteElo "1644"]
[BlackElo "1707"]
[PlyCount "54"]
[EventDate "1998.07.18"]

1. e4 c5 2. Nf3 d6 3. d4 cxd4 4. Nxd4 Nf6 5. Nc3 a6 6. Bg5 e6 7. f4 b5 8. e5
dxe5 9. fxe5 Qc7 10. Qe2 Nfd7 11. O-O-O Bb7 12. Bf4 Nc6 13. Nf3 Na5 14. Ne4 Bd5
15. Nd6+ Bxd6 16. exd6 Qc5 17. Qe3 Qxe3+ 18. Bxe3 Rc8 19. Nd4 Bxa2 20. Bd2 Nb3+
21. Nxb3 Bxb3 22. Bd3 O-O 23. Kb1 Bd5 24. h4 Rc6 25. h5 Rfc8 26. Rh2 Ne5 27.
Be2 Rxc2 0-1

[Event "V Festival Nazionale"]
[Site "Ischia ITA"]
[Date "1998.07.??"]
[Round "?"]
[White "Hassan, Fathi"]
[Black "Lamagna, Mario"]
[Result "1-0"]
[WhiteElo "1791"]
[BlackElo "1773"]
[PlyCount "87"]
[EventDate "1998.07.18"]

1. d4 Nf6 2. c4 g6 3. Nc3 Bg7 4. e4 d6 5. Bd3 e5 6. d5 O-O 7. Nge2 a5 8. O-O
Na6 9. h3 Nc5 10. Be3 Nfd7 11. Bc2 f5 12. f3 f4 13. Bf2 g5 14. Kh1 Qf6 15. Nb5
Qd8 16. b3 b6 17. a3 Nf6 18. b4 Ncd7 19. Qd2 h5 20. Qc3 g4 21. Bh4 Nxe4 22.
Bxd8 Nxc3 23. Nexc3 Rxd8 24. Nxc7 Rb8 25. Ne6 Re8 26. Nxg7 Kxg7 27. Ne4 gxh3
28. gxh3 Rd8 29. Nxd6 Nf6 30. Nxc8 Rbxc8 31. Bb3 Ne8 32. Rg1+ Kf6 33. Rg8 Nd6
34. Rxd8 Rxd8 35. c5 bxc5 36. bxc5 Rb8 37. Ba4 Nf5 38. d6 Ng3+ 39. Kg1 Rb2 40.
c6 e4 41. d7 exf3 42. d8=Q+ Kg6 43. Qg8+ Kh6 44. Qh8+ 1-0

[Event "V Festival Nazionale"]
[Site "Ischia ITA"]
[Date "1998.07.??"]
[Round "1"]
[White "Chionsini, Ivano"]
[Black "Celestini, Mauro"]
[Result "1-0"]
[WhiteElo "1600"]
[BlackElo "1606"]
[PlyCount "81"]
[EventDate "1998.07.18"]

1. d4 Nf6 2. Nc3 e6 3. e4 Bb4 4. Bg5 d6 5. Bd3 e5 6. d5 Bxc3+ 7. bxc3 c5 8. Ne2
Nbd7 9. O-O Qc7 10. c4 b5 11. Nc3 b4 12. Nb5 Qb6 13. c3 a6 14. Qa4 Bb7 15.
Nxd6+ Qxd6 16. Rab1 a5 17. Qb5 Qa6 18. Qa4 Qd6 19. Qb5 Qa6 20. Qa4 O-O 21. a3
bxa3 22. Qxa3 Rfb8 23. Be3 Nxe4 24. Bxe4 Qxc4 25. Bf5 Qxd5 26. f3 Ba6 27. Be4
Qc4 28. Bxa8 Rxa8 29. Qxa5 h6 30. Rfd1 Nb8 31. Qd8+ Kh7 32. Rxb8 Rxb8 33. Qxb8
Qxc3 34. Qb1+ g6 35. Qc1 Qxc1 36. Rxc1 c4 37. f4 exf4 38. Bxf4 g5 39. Be5 Kg6
40. Rf1 c3 41. Rf6+ 1-0

[Event "V Festival Nazionale"]
[Site "Ischia ITA"]
[Date "1998.07.??"]
[Round "4"]
[White "Celestini, Mauro"]
[Black "De Simone, Antonio"]
[Result "0-1"]
[WhiteElo "1606"]
[BlackElo "1795"]
[PlyCount "103"]
[EventDate "1998.07.18"]

1. d4 c5 2. Nf3 cxd4 3. Nxd4 d5 4. c4 e5 5. Nf3 d4 6. e3 Nc6 7. exd4 exd4 8.
Bd3 Bb4+ 9. Bd2 Qe7+ 10. Qe2 Qxe2+ 11. Bxe2 Bd6 12. O-O Nf6 13. Re1 O-O 14. Bd3
Bg4 15. Ng5 Nb4 16. Bxb4 Bxb4 17. Rf1 Rfe8 18. a3 Bf8 19. f3 Re3 20. Bxh7+ Nxh7
21. Nxh7 Bf5 22. Nxf8 Kxf8 23. Nd2 Rae8 24. Ne4 Bxe4 25. fxe4 R8xe4 26. Rf3
Rxf3 27. gxf3 Re2 28. Rd1 Rxb2 29. Rxd4 Rb3 30. Rd7 Ke8 31. Rc7 Rxf3 32. Rxb7
Rxa3 33. Rb8+ Kd7 34. Rb7+ Ke6 35. c5 g5 36. c6 f6 37. Kf2 Ra6 38. c7 Kd7 39.
Ke3 Kc8 40. Rb8+ Kxc7 41. Rf8 Re6+ 42. Kd4 Kc6 43. Rf7 a5 44. Kc4 Re4+ 45. Kd3
Rf4 46. Ke3 Rf1 47. Ke2 Rf5 48. Ke3 a4 49. Kd3 Kb5 50. Ke4 Rf1 51. Rb7+ Ka6 52.
Rb4 0-1

[Event "V Festival Nazionale"]
[Site "Ischia ITA"]
[Date "1998.07.??"]
[Round "6"]
[White "La Franca, Vincenzo"]
[Black "Celestini, Mauro"]
[Result "1-0"]
[WhiteElo "1519"]
[BlackElo "1606"]
[PlyCount "65"]
[EventDate "1998.07.18"]

1. c4 e6 2. Nf3 Nf6 3. g3 b6 4. Bg2 Bb7 5. O-O Be7 6. d3 O-O 7. Nc3 d5 8. cxd5
exd5 9. Nd4 c5 10. Nf5 Re8 11. Nxe7+ Qxe7 12. Bg5 h6 13. Bxf6 Qxf6 14. Bxd5
Bxd5 15. Nxd5 Qe5 16. Nc3 Nc6 17. Qd2 Nd4 18. Rae1 Re6 19. Ne4 Qd5 20. Nc3 Qb7
21. f3 Rae8 22. e4 f5 23. Ne2 Qd7 24. Nxd4 Qxd4+ 25. Kg2 fxe4 26. fxe4 Rxe4 27.
Rf4 Qd5 28. Rexe4 Rxe4 29. Rxe4 c4 30. Qe3 cxd3 31. Qd4 Qxa2 32. Qc4+ Qxc4 33.
Rxc4 1-0

[Event "V Festival Nazionale"]
[Site "Ischia ITA"]
[Date "1998.07.??"]
[Round "7"]
[White "Celestini, Mauro"]
[Black "Esposito, Rosario"]
[Result "1-0"]
[WhiteElo "1606"]
[BlackElo "1582"]
[PlyCount "75"]
[EventDate "1998.07.18"]

1. d4 Nf6 2. c4 g6 3. Nc3 d5 4. cxd5 Nxd5 5. e4 Nxc3 6. bxc3 Bg7 7. Nf3 c5 8.
Be3 O-O 9. Be2 Nc6 10. Rc1 Qa5 11. Qd2 Rd8 12. d5 Ne5 13. Nxe5 Bxe5 14. f4 Bh8
15. c4 Qb6 16. O-O Qc7 17. Rb1 b6 18. e5 Bb7 19. Rfd1 Rd7 20. Bg4 Rdd8 21. Bf3
Rab8 22. d6 exd6 23. exd6 Qd7 24. Bxb7 Rxb7 25. Qd5 Rbb8 26. Rb3 Rbc8 27. Rbd3
Rc6 28. f5 Bg7 29. fxg6 hxg6 30. h4 Bd4 31. Bxd4 Rxd6 32. Bf6 Rxd5 33. Rxd5
Qxd5 34. cxd5 Rd7 35. d6 b5 36. Re1 g5 37. Re8+ Kh7 38. h5 1-0

[Event "V Festival Nazionale"]
[Site "Ischia ITA"]
[Date "1998.07.??"]
[Round "7"]
[White "Della Ragione, Achille"]
[Black "De Marco, Ivan"]
[Result "0-1"]
[WhiteElo "1797"]
[BlackElo "1697"]
[PlyCount "114"]
[EventDate "1998.07.18"]

1. c4 e5 2. Nc3 Nf6 3. g3 Bb4 4. Nd5 Nxd5 5. cxd5 O-O 6. Bg2 d6 7. a3 Ba5 8. e3
f5 9. Ne2 Bb6 10. b4 Nd7 11. Bb2 Qe8 12. O-O Qf7 13. Nc3 f4 14. Be4 Nf6 15. Bc2
Bh3 16. Na4 Bxf1 17. Nxb6 axb6 18. Qxf1 Qxd5 19. Qd1 Kh8 20. Bb3 Qc6 21. Rc1
Qd7 22. d4 Qh3 23. Qf1 Qxf1+ 24. Rxf1 fxe3 25. fxe3 exd4 26. exd4 d5 27. b5 c6
28. Rc1 Rac8 29. bxc6 bxc6 30. a4 Ne4 31. Ba3 Rfe8 32. Rc2 Ng5 33. Bb2 Red8 34.
h4 Ne4 35. Kg2 c5 36. Re2 cxd4 37. Bxd4 Nc5 38. Bd1 Re8 39. Rf2 Kg8 40. Rf5
Red8 41. Bf3 Nxa4 42. Bxd5+ Kh8 43. Bf2 Rf8 44. Rg5 Rc2 45. Bf3 Nc5 46. Rd5 g6
47. g4 Ne4 48. Bxe4 Rcxf2+ 49. Kg3 R2f4 50. Re5 b5 51. h5 gxh5 52. Bf5 R4xf5
53. gxf5 Rb8 54. f6 Kg8 55. Kh4 Kf7 56. Kg5 h6+ 57. Kxh6 Kxf6 0-1

[Event "II Open B"]
[Site "Castellaneta ITA"]
[Date "1998.09.01"]
[Round "6"]
[White "Conti, Pietro"]
[Black "Laghetti, Gaetano"]
[Result "1-0"]
[WhiteElo "1669"]
[BlackElo "1606"]
[PlyCount "69"]
[EventDate "1998.08.30"]

1. e4 c5 2. Nf3 d6 3. d4 cxd4 4. Nxd4 Nf6 5. Nc3 a6 6. Bg5 e6 7. f4 Be7 8. Qf3
Qc7 9. O-O-O Nbd7 10. f5 Ne5 11. Qh3 Nfg4 12. Qh4 h6 13. Bxe7 Qxe7 14. Qe1 Qg5+
15. Kb1 Qe7 16. Qg3 g5 17. Be2 Nf6 18. h3 b5 19. Rhe1 Bb7 20. fxe6 fxe6 21. Bf3
Rc8 22. Ndxb5 axb5 23. Nxb5 Nf7 24. Nxd6+ Nxd6 25. Rxd6 Kf7 26. e5 Qc7 27. c3
Ne8 28. Rd3 Ba6 29. Bh5+ Ke7 30. Rf3 Rh7 31. Qf2 Kd8 32. Rf8 Bd3+ 33. Ka1 Bb5
34. Rd1+ Ke7 35. Rf7+ 1-0

[Event "VI Open Vallee d'Aoste B"]
[Site "Saint Vincent - Chatillon ITA"]
[Date "1998.02.12"]
[Round "6"]
[White "Fuggetta, Leonardo"]
[Black "Nasoni, Paolo"]
[Result "1-0"]
[WhiteElo "2055"]
[BlackElo "1663"]
[PlyCount "75"]
[EventDate "1998.02.07"]

1. g3 Nf6 2. Bg2 c5 3. d3 d5 4. Nf3 e6 5. O-O Be7 6. Nbd2 Nc6 7. e4 O-O 8. Re1
dxe4 9. dxe4 e5 10. c3 Qc7 11. Qc2 Rd8 12. Nf1 b6 13. Bg5 Ba6 14. Rad1 Rxd1 15.
Rxd1 Rd8 16. Bxf6 Bxf6 17. Ne3 Rxd1+ 18. Qxd1 Qd8 19. Qa4 Bb7 20. Nd5 Be7 21.
Nd2 Bf8 22. Nc4 g6 23. Nce3 Bh6 24. Ng4 Bg7 25. Qd1 h5 26. Nge3 Bh6 27. Qf3
Bxe3 28. Qxe3 Ne7 29. Qg5 Nc6 30. Nf6+ Kf8 31. Qh6+ Ke7 32. Nd5+ Kd6 33. Qd2 b5
34. f4 Na5 35. fxe5+ Kc6 36. Qf4 Qe8 37. e6 b4 38. Qc7+ 1-0

[Event "X Festival 1N"]
[Site "Porto San Giorgio ITA"]
[Date "1998.08.??"]
[Round "4"]
[White "Viola, Matteo"]
[Black "Natoli, Domenico"]
[Result "1-0"]
[WhiteElo "1877"]
[BlackElo "1719"]
[PlyCount "51"]
[EventDate "1998.08.21"]

1. e4 c5 2. b4 cxb4 3. d4 d6 4. a3 bxa3 5. Bxa3 Nf6 6. Bd3 g6 7. Ne2 Bg7 8. O-O
O-O 9. f4 Ng4 10. Qd2 Nc6 11. c3 Qb6 12. Kh1 Rd8 13. h3 Nf6 14. Qa2 e6 15. Nd2
Qc7 16. f5 Ne7 17. fxg6 Nxg6 18. Rf2 d5 19. Raf1 dxe4 20. Bxe4 Nxe4 21. Nxe4
Qc6 22. N2g3 Rd7 23. Ng5 Qxc3 24. Nxe6 fxe6 25. Qxe6+ Kh8 26. Qe8+ 1-0

[Event "X Festival 1N"]
[Site "Porto San Giorgio ITA"]
[Date "1998.08.??"]
[Round "6"]
[White "Viola, Matteo"]
[Black "Dimitrijevic, Dragan"]
[Result "1-0"]
[WhiteElo "1877"]
[BlackElo "1810"]
[PlyCount "45"]
[EventDate "1998.08.21"]

1. d4 Nf6 2. Nc3 e6 3. e4 d5 4. Bg5 Bb4 5. e5 h6 6. exf6 hxg5 7. fxg7 Rg8 8. h4
gxh4 9. Qh5 Qf6 10. Rxh4 Qxg7 11. O-O-O Bxc3 12. bxc3 Nd7 13. Nf3 c5 14. Bb5
cxd4 15. c4 d3 16. Rxd3 Qa1+ 17. Kd2 Qf1 18. cxd5 Qxf2+ 19. Kc1 Qb6 20. dxe6
Qxe6 21. Ne5 Qxa2 22. Ra4 Qe6 23. Rxd7 1-0

[Event "X Festival 2N-3N"]
[Site "Porto San Giorgio ITA"]
[Date "1998.08.??"]
[Round "5"]
[White "Galati, Luigi"]
[Black "Maggiorino, Francesco"]
[Result "1/2-1/2"]
[WhiteElo "1600"]
[BlackElo "1597"]
[PlyCount "67"]
[EventDate "1998.08.21"]

1. d4 Nf6 2. c4 c5 3. Nf3 cxd4 4. Nxd4 g6 5. Bg5 Bg7 6. Nc3 O-O 7. e4 d6 8. h3
Re8 9. Bd3 Nbd7 10. O-O Ne5 11. Be2 b6 12. f4 Ned7 13. b4 Bb7 14. Bd3 Rc8 15.
Rc1 a6 16. Nf3 Nh5 17. f5 b5 18. Nd5 bxc4 19. fxg6 hxg6 20. Bxc4 Nb6 21. Bb3
Rxc1 22. Qxc1 Nxd5 23. exd5 Qb6+ 24. Kh2 Qxb4 25. Qc7 Nf6 26. Rd1 Kf8 27. Rd4
Qb5 28. Ba4 Nxd5 29. Bxe7+ Kg8 30. Qxd6 Qb6 31. Qxb6 Nxb6 32. Bxe8 Bxf3 33.
gxf3 Bxd4 34. Bd8 1/2-1/2

[Event "Weekend SSM B"]
[Site "Milano ITA"]
[Date "1998.03.01"]
[Round "3"]
[White "Saccani, Ettore"]
[Black "Tortora, Paolo"]
[Result "1-0"]
[WhiteElo "1507"]
[BlackElo "1615"]
[PlyCount "67"]
[EventDate "1998.02.28"]

1. e4 c5 2. c3 e5 3. d4 exd4 4. cxd4 cxd4 5. Qxd4 Nc6 6. Qe3 d6 7. Nc3 Nf6 8.
Nf3 Be7 9. h3 h5 10. Bc4 Ne5 11. Bb5+ Bd7 12. Qe2 Nxf3+ 13. Qxf3 Bxb5 14. Nxb5
Qa5+ 15. Nc3 Rc8 16. Bd2 Qb6 17. Rb1 Rc4 18. O-O O-O 19. Rfe1 Qc7 20. Bf4 g6
21. Rbd1 a6 22. e5 Ne8 23. Nd5 Qd8 24. Bh6 Ng7 25. Nxe7+ Qxe7 26. exd6 Qd8 27.
Re7 Rc6 28. Qf6 Nf5 29. Bxf8 Qxf8 30. Rd7 Rc8 31. Rxb7 Rd8 32. d7 Ne7 33. Re1
Nd5 34. Qxd8 1-0

[Event "Weekend SSM B"]
[Site "Milano ITA"]
[Date "1998.03.07"]
[Round "4"]
[White "Saccani, Ettore"]
[Black "Bivi, Enea"]
[Result "1-0"]
[WhiteElo "1507"]
[BlackElo "1600"]
[PlyCount "73"]
[EventDate "1998.02.28"]

1. e4 c5 2. c3 g6 3. d4 Bg7 4. Nf3 cxd4 5. cxd4 d6 6. Bc4 Nf6 7. Nc3 O-O 8. Bb3
b6 9. O-O Bb7 10. Re1 Nc6 11. h3 Rc8 12. Be3 Na5 13. d5 Nc4 14. Bxc4 Rxc4 15.
Bd4 Qd7 16. Rc1 Rfc8 17. Qd3 Ba6 18. Qe3 Qd8 19. e5 Ne8 20. exd6 Bxd4 21. dxe7
Bxe3 22. exd8=Q Bxf2+ 23. Kxf2 Rxd8 24. Rcd1 Rc7 25. Nd4 Nf6 26. Nc6 Ra8 27.
Ne7+ Kf8 28. d6 Rd7 29. Nc6 Bb7 30. Ne5 Rdd8 31. Nxf7 Ne4+ 32. Nxe4 Kxf7 33.
Ng5+ Kg8 34. Re7 h6 35. Ne6 Re8 36. Rxe8+ Rxe8 37. d7 1-0

[Event "Weekend SSM B"]
[Site "Milano ITA"]
[Date "1998.03.08"]
[Round "5"]
[White "Ferrari, Claudio"]
[Black "Saccani, Ettore"]
[Result "1/2-1/2"]
[WhiteElo "1558"]
[BlackElo "1507"]
[PlyCount "59"]
[EventDate "1998.02.28"]

1. e4 e6 2. d4 d5 3. e5 b6 4. c3 Qd7 5. Bd3 Ba6 6. Bc2 c5 7. a3 Ne7 8. b4 c4 9.
Nf3 Bb7 10. Bf4 h6 11. h3 Nbc6 12. Nbd2 Ng6 13. Bg3 Be7 14. Qe2 h5 15. h4 O-O-O
16. a4 Kb8 17. Nb1 Ka8 18. O-O Rc8 19. Na3 a6 20. Rfb1 Na7 21. Ra2 Bc6 22. b5
axb5 23. axb5 Bb7 24. Rba1 Rc7 25. Nxc4 Qxb5 26. Rxa7+ Kb8 27. Bd3 dxc4 28.
Bxg6 fxg6 29. Qa2 Qc6 30. Ne1 1/2-1/2

[Event "Weekend SSM B"]
[Site "Milano ITA"]
[Date "1998.03.08"]
[Round "6"]
[White "Scovazzi, Tullio"]
[Black "Saccani, Ettore"]
[Result "1-0"]
[WhiteElo "1557"]
[BlackElo "1507"]
[PlyCount "53"]
[EventDate "1998.02.28"]

1. e4 e6 2. d4 d5 3. Nd2 Nf6 4. e5 Nfd7 5. Bd3 c5 6. c3 Nc6 7. Ne2 Qb6 8. Nf3
cxd4 9. cxd4 Nb4 10. Bb1 Be7 11. O-O f6 12. exf6 Nxf6 13. a3 Nc6 14. Re1 Bd7
15. Nf4 Na5 16. b4 Nc4 17. Bd3 Rc8 18. Ng5 e5 19. dxe5 Ng4 20. Ngh3 Ncxe5 21.
Nxd5 Qd6 22. Bf4 Kd8 23. Nxe7 Qxd3 24. Nxc8 Qxd1 25. Raxd1 Ng6 26. Nxa7 Nxf2
27. Bg5+ 1-0

[Event "Weekend A"]
[Site "Monza ITA"]
[Date "1998.03.??"]
[Round "?"]
[White "Bemporad, Filippo"]
[Black "Riboldi, Raffaele"]
[Result "0-1"]
[WhiteElo "2070"]
[BlackElo "1702"]
[PlyCount "98"]
[EventDate "1998.03.28"]

1. d4 Nf6 2. Nf3 e6 3. g3 d5 4. Bg2 Be7 5. O-O O-O 6. b3 Nbd7 7. Bb2 b6 8. c4
Bb7 9. cxd5 exd5 10. Nc3 c6 11. Rc1 Rc8 12. Bh3 Re8 13. e3 Ba6 14. Re1 Bb4 15.
a3 Bxc3 16. Bxc3 Rc7 17. Ne5 Nxe5 18. dxe5 Ne4 19. Bb2 Qg5 20. b4 Qh6 21. Bg4
Ng5 22. h4 Ne6 23. f4 g6 24. Rc2 Bc4 25. Rf2 Qg7 26. Rd2 Kf8 27. Bf3 Rcc8 28.
Qa4 Re7 29. Rc1 b5 30. Qd1 Rd8 31. Kg2 Red7 32. Kf2 Ke7 33. a4 a6 34. Bc3 Qg8
35. Ra1 Qe8 36. h5 Kf8 37. g4 Qe7 38. Qh1 Kg8 39. Qh2 d4 40. hxg6 dxe3+ 41. Kg3
fxg6 42. Rxd7 Rxd7 43. Bxc6 Rd3 44. Be1 Qf7 45. Qh6 e2+ 46. Kg2 Nxf4+ 47. Kg1
Nh3+ 48. Kg2 Qf1+ 49. Kh2 Qg1# 0-1

[Event "Weekend A"]
[Site "Monza ITA"]
[Date "1998.03.??"]
[Round "?"]
[White "Riboldi, Raffaele"]
[Black "Calcagno, Stefano"]
[Result "1-0"]
[WhiteElo "1702"]
[BlackElo "1809"]
[PlyCount "65"]
[EventDate "1998.03.28"]

1. d4 d5 2. c4 e6 3. Nc3 Nf6 4. cxd5 exd5 5. Bg5 Be7 6. e3 Bf5 7. Bxf6 Bxf6 8.
Qb3 Qc8 9. Nxd5 Bd8 10. Bc4 O-O 11. Nf3 Be4 12. Nf4 Bxf3 13. gxf3 c5 14. Rc1
Ba5+ 15. Ke2 Nc6 16. dxc5 Qe8 17. Rhd1 Kh8 18. Bb5 a6 19. Ba4 Qe7 20. Bxc6 bxc6
21. Qa4 Bc7 22. Rd4 Be5 23. Rb4 a5 24. Rb6 Rfc8 25. Nd3 Bxh2 26. Rxc6 Bc7 27.
Qe4 Qd7 28. Rh1 h6 29. Rcxh6+ gxh6 30. Rxh6+ Kg8 31. Qh7+ Kf8 32. Qh8+ Ke7 33.
Qf6+ 1-0

[Event "Weekend B"]
[Site "Monza ITA"]
[Date "1998.03.28"]
[Round "1"]
[White "Del Noce, Roberto"]
[Black "Saccani, Ettore"]
[Result "0-1"]
[WhiteElo "1678"]
[BlackElo "1507"]
[PlyCount "38"]
[EventDate "1998.03.28"]

1. e4 e6 2. d4 d5 3. Nc3 Bb4 4. e5 c5 5. Qg4 Ne7 6. dxc5 Bxc3+ 7. bxc3 Qc7 8.
f4 Qxc5 9. Bd2 Nf5 10. Bd3 O-O 11. Nf3 Nc6 12. Bxf5 exf5 13. Qh5 Ne7 14. Ng5 h6
15. h4 Bd7 16. Rh3 Qg1+ 17. Ke2 Qxa1 18. Rg3 Bb5+ 19. Ke3 Qg1+ 0-1

[Event "Weekend B"]
[Site "Monza ITA"]
[Date "1998.03.29"]
[Round "2"]
[White "Saccani, Ettore"]
[Black "Colombo, Eugenio"]
[Result "1-0"]
[WhiteElo "1507"]
[BlackElo "1588"]
[PlyCount "71"]
[EventDate "1998.03.28"]

1. e4 c5 2. c3 Nc6 3. d4 cxd4 4. cxd4 e6 5. Nf3 Bb4+ 6. Nc3 Qc7 7. Bd2 a6 8.
Be2 d6 9. O-O Nf6 10. Rc1 Qb8 11. Bd3 h6 12. Re1 e5 13. dxe5 dxe5 14. Nd5 Be7
15. Nb6 Bg4 16. Nxa8 Qxa8 17. h3 Be6 18. Bc4 O-O 19. Bxe6 fxe6 20. Bc3 Rd8 21.
Qb3 Rd6 22. Nxe5 Qd8 23. Nxc6 Rxc6 24. Rcd1 Qc8 25. Re2 Qc7 26. Bb4 Bxb4 27.
Qxb4 Rc4 28. Qd6 Qf7 29. Qf4 g5 30. Qf3 e5 31. Qf5 Rc5 32. Red2 Kg7 33. Rd7
Nxd7 34. Rxd7 Qxd7 35. Qxd7+ Kg8 36. Qe8+ 1-0